000 00315nam a22001337a 4500
008 170214b xxu||||| |||| 00| 0 eng d
020 _a9781401830380
041 _aeng
080 _a61
100 _a4
101 _aSHM
245 _aGETTING STARTED IN THE COMPUTERIZED MEDICAL OFFICE
_cCORREA, C
942 _2udc
_cBK
999 _c5341
_d5341